Older Than Sliced Bread Quiz Stats

 Plays Quiz Updated Nov 15, 2015

Challenge
Share
Tweet
Embed
Score 0/15 Timer 04:00
18 Plays Today
% Correct
Magna Carta
86.1%
Eiffel Tower
83.9%
Treaty of Versailles
80.5%
Ford Model T
77.7%
Dewey Decimal System
71%
Women's suffrage (USA)
68.6%
League of Nations
68.1%
Betty White
68%
% Correct
Discovery of X-rays
63.4%
Wyoming's statehood
61.2%
The War of the Worlds (novel)
59.1%
Bohr model of the atom
57.7%
Jimmy Carter
54.7%
To the Lighthouse (novel)
40.8%
FIFA
30.3%

You're not logged in!

Compare scores with friends on all Sporcle quizzes.
Join for Free
OR
Log In

You Might Also Like...

Show Comments

Extras

Top Quizzes Today


Score Distribution

Your Account Isn't Verified!

In order to create a playlist on Sporcle, you need to verify the email address you used during registration. Go to your Sporcle Settings to finish the process.

Report this User

Report this user for behavior that violates our Community Guidelines.

Details: